Normal view
MARC view
Entry Personal Name
001 - CONTROL NUMBER
- control field: 8482
003 - CONTROL NUMBER IDENTIFIER
- control field: ARRUPE
005 - DATE AND TIME OF LATEST TRANSACTION
- control field: 20140206174438.0
008 - FIXED-LENGTH DATA ELEMENTS
- fixed length control field: 140206|| aca||aabn | a|a d
040 ## - CATALOGING SOURCE
- Original cataloging agency: ARRUPE
- Transcribing agency: ARRUPE
100 ## - HEADING--PERSONAL NAME
- Personal name: Macierowski, E.M
670 ## - SOURCE DATA FOUND
- Source citation: Work cat.: (ARRUPE)7649: Macierowski, E.M, Thomas Aquinas's earliest treatment of the divine essence